| 000 | 00773 am a2200229 a 4500 | ||
|---|---|---|---|
| 005 | 20150924130915.0 | ||
| 008 | 110510s2004 ck a r 001 0 spa d | ||
| 020 | _a958938644X | ||
| 040 |
_aCO-BoFUB _cCO-BoIAVH |
||
| 041 | 1 | _aspa | |
| 082 | 0 | 4 | _a631.58 |
| 110 |
_aCipav - Colciencias _939614 |
||
| 245 | 0 | 0 |
_aSistemas silvopastoriles : _bestablecimiento y manejo _cinvestigacion y textos Ruben G. Espinel M. ... [et al.] |
| 260 |
_aCali : _bFundacion CIPAV, _c2004. |
||
| 300 |
_a167 p. : _bfotos. ; _c22 cm. |
||
| 504 | _aIncluye lecturas recomendadas p. 157-167 | ||
| 650 | 7 |
_aPropagación de Arboles _939619 |
|
| 650 | 7 |
_aSistemas agrÃcolas integrados _939616 |
|
| 650 | 7 |
_aCultivo Integrado _939620 |
|
| 700 | 1 |
_aEspinel M., Ruben G. _939618 |
|
| 942 |
_2ddc _cLIBRO |
||
| 999 |
_c4397 _d4397 |
||